Niektoré teoretické a empirické otázky zavedenia spoločnej meny v Európe

Enregistré dans:
Détails bibliographiques
Auteur principal: Muchová, Eva, 1961-
Autres auteurs: Sivák, Rudolf, 1955-
Format: Chapitre de livre
Langue:slovaque
Tags: Ajouter un tag
Pas de tags, Soyez le premier à ajouter un tag!

MARC

LEADER 00000naa$a2200000$$$4500
001 0108262
005 20240502072208.0
041 0 |a slo 
044 |a SK 
245 1 0 |a Niektoré teoretické a empirické otázky zavedenia spoločnej meny v Európe  |c Eva Muchová, Rudolf Sivák 
100 1 |a Muchová, Eva, 1961- 
700 1 |a Sivák, Rudolf, 1955-